Tilastot visalle Aasian valtiot kahden ensimmäisen kirjaimen mukaan

Klikkaa tästä pelataksesi tätä visaa!

Yleistilastot

  • Tätä visaa on pelattu 593 kertaa
  • Keskiarvotulos 38 / 48

Vastaukset kartalla

Vastauksille on annettu kartalla punavihreä väri sen mukaan, kuinka moni on saanut sen oikein.
 

Vastaustilastot

Valtio% Oikein
Kiina
98%
Kirgisia
98%
Indonesia
97%
Intia
97%
Kambodža
94%
Kazakstan
94%
Turkki
93%
Turkmenistan
93%
Irak
92%
Iran
92%
Saudi-Arabia
92%
Mongolia
91%
Japani
89%
Jemen
88%
Oman
88%
Thaimaa
88%
Pakistan
85%
Etelä-Korea
83%
Vietnam
83%
Yhdistyneet arabiemiirikunnat
83%
Nepal
82%
Pohjois-Korea
82%
Afganistan
80%
Bahrain
80%
Bangladesh
80%
Israel
80%
Malediivit
78%
Myanmar
78%
Tadžikistan
78%
Taiwan
78%
Filippiinit
77%
Laos
76%
Malesia
76%
Syyria
76%
Armenia
75%
Uzbekistan
75%
Sri Lanka
70%
Jordania
69%
Georgia
67%
Bhutan
66%
Azerbaidžan
64%
Qatar
63%
Singapore
62%
Kuwait
59%
Kypros
57%
Libanon
57%
Brunei
56%
Itä-Timor
54%

Tulosjakauma

Persentiili vastausten määrän mukaan

Jokaisen tuloksen saaneiden osuus

Tuloshistoriasi

Et ole pelannut tätä visaa